[Event "AUTO-OPEN-3655"]
[Site "http://www.queenalice.com/game.php?id=1424177"]
[Date "2016.5.22"]
[Round "1"]
[White "Drawanz"]
[Black "TITAN10"]
[Result "1-0"]
[WhiteElo "1889"]
[BlackElo "1843"]

1. g4 d5 2. c4 c6 3. cxd5 cxd5 4. Bg2 Bxg4 5. Qb3 Nf6 6. Qxb7 Nbd7 7. Bxd5 Nxd5
8. Qxd5 e6 9. Qe4 Bf5 10. Qd4 Bc5 11. Qxg7 Rf8 12. d3 Qb6 13. Qg3 Bg6 14. Nc3
Qb7 15. Nf3 Qb6 16. O-O h5 17. Na4 Qb7 18. Nxc5 Nxc5 19. Rd1 Rd8 20. Bg5 Rc8 21.
b3 f6 22. Bh6 Rg8 23. Qh4 Bxd3+ 24. Kf1 Bg6 25. Qxf6 Qf7 26. Qxf7+ Bxf7 27. Rac1
Rg6 28. Be3 1-0

[Event "AUTO-OPEN-3655"]
[Site "http://www.queenalice.com/game.php?id=1424198"]
[Date "2016.5.22"]
[Round "1"]
[White "JORAM2205"]
[Black "Drawanz"]
[Result "0-1"]
[WhiteElo "1803"]
[BlackElo "2009"]

1. e4 c5 2. Bc4 Nc6 3. Nc3 d6 4. Nf3 g6 5. d3 Bg7 6. Bd2 Qb6 7. b3 Qa5 8. O-O
Bxc3 9. Bxc3 Qxc3 10. Ng5 Nh6 11. Re1 Ne5 0-1

[Event "AUTO-OPEN-3655"]
[Site "http://www.queenalice.com/game.php?id=1424199"]
[Date "2016.5.22"]
[Round "1"]
[White "Drawanz"]
[Black "JORAM2205"]
[Result "1-0"]
[WhiteElo "2028"]
[BlackElo "1803"]

1. g4 e5 2. Bg2 Bc5 3. e3 Nf6 4. Nf3 d6 5. h3 e4 6. Nh2 Nc6 7. d3 d5 8. O-O h6
9. b3 Qe7 10. Bb2 O-O 11. dxe4 dxe4 12. Bxf6 1-0

[Event "AUTO-OPEN-3655"]
[Site "http://www.queenalice.com/game.php?id=1424212"]
[Date "2016.5.22"]
[Round "1"]
[White "Drawanz"]
[Black "ulisses67"]
[Result "1-0"]
[WhiteElo "2009"]
[BlackElo "1610"]

1. g4 d5 2. Bg2 Bxg4 3. c4 e6 4. Qb3 b6 5. cxd5 c6 6. dxc6 Qc7 7. Qb5 a6 8. Qd3
Nxc6 9. Qe4 Bf5 10. Qxc6+ Qxc6 11. Bxc6+ Ke7 12. Bxa8 Nf6 13. d3 h6 14. Nc3 g5
15. Be3 Nd7 16. Be4 Bg4 17. Nf3 Bg7 18. Rc1 Rc8 19. Bb7 Rc7 20. Bxa6 Ra7 21. Bc4
e5 22. Rg1 Bf5 23. Nxg5 hxg5 24. Rxg5 Kf6 25. Nd5+ Ke6 26. Rxg7 e4 27. Nxb6+ Ke7
28. Rxf7+ Ke8 29. Rxf5 Ra6 30. Bf7+ Kd8 31. Bg5+ 1-0

[Event "AUTO-OPEN-3655"]
[Site "http://www.queenalice.com/game.php?id=1424213"]
[Date "2016.5.22"]
[Round "1"]
[White "ulisses67"]
[Black "Drawanz"]
[Result "0-1"]
[WhiteElo "1607"]
[BlackElo "2081"]

1. e4 c5 2. d4 cxd4 3. Qxd4 Nc6 4. Qd1 g6 5. Bc4 Bg7 6. Qf3 Ne5 7. Qc3 e6 8. Be2
Ne7 9. f4 d6 10. fxe5 Bxe5 11. Qc4 b5 12. Qxb5+ Bd7 13. Qb3 Rb8 14. Qa3 Qb6 15.
c3 d5 16. Nf3 Bd6 17. b4 a5 18. Qb2 dxe4 19. Ng5 Be5 20. Nxe4 Nd5 21. Bd2 f5 22.
Nc5 Qxc5 23. bxc5 Rxb2 24. Bc1 Rc2 25. Kf2 Bxc3 26. Nxc3 Nxc3 27. Re1 Bb5 28.
Ke3 Bxe2 0-1

[Event "Challenge"]
[Site "http://www.queenalice.com/game.php?id=1424542"]
[Date "2016.5.24"]
[Round "-"]
[White "armandocosta"]
[Black "Drawanz"]
[Result "0-1"]
[WhiteElo "1877"]
[BlackElo "1500"]

1. e4 c5 2. Nf3 g6 3. d4 cxd4 4. Nxd4 Bg7 5. c4 Qa5+ 6. Nc3 Qc5 7. Be3 Nc6 8.
Be2 Nxd4 9. O-O Nxe2+ 10. Qxe2 Qc6 11. Rad1 Bxc3 12. bxc3 Qxe4 13. Rd4 Qc6 14.
Bg5 Nf6 15. Bxf6 Qxf6 16. Rfd1 O-O 17. c5 b6 18. Qe4 bxc5 19. Rc4 Rb8 20. Rxc5
Bb7 21. Qd3 d6 22. Rc7 Qg5 23. g3 Rfc8 24. Rxc8+ Rxc8 25. Rb1 Qd5 26. Qxd5 Bxd5
27. h4 Rxc3 28. a4 Ra3 29. Rb7 Bxb7 0-1

[Event "AUTO-OPEN-3658"]
[Site "http://www.queenalice.com/game.php?id=1425088"]
[Date "2016.5.28"]
[Round "1"]
[White "Scharlatan"]
[Black "Drawanz"]
[Result "0-1"]
[WhiteElo "1479"]
[BlackElo "2081"]

1. e4 c5 2. Nf3 Nc6 3. d4 cxd4 4. Nxd4 Nxd4 5. Qxd4 e6 6. Bd3 Qa5+ 7. Bd2 Qc7 8.
O-O Nf6 9. c4 e5 10. Qc3 Bc5 11. b4 Bd4 0-1

[Event "AUTO-OPEN-3658"]
[Site "http://www.queenalice.com/game.php?id=1425110"]
[Date "2016.5.28"]
[Round "1"]
[White "Nunes"]
[Black "Drawanz"]
[Result "0-1"]
[WhiteElo "1991"]
[BlackElo "2125"]

1. e4 c5 2. Nc3 Nc6 3. g3 d6 4. Bg2 g6 5. d3 Bg7 6. f4 f5 7. Nf3 Qa5 8. Bd2 Qb6
9. Nd5 Qxb2 10. Rb1 Qxa2 11. Nc7+ Kd7 12. Nxa8 b6 13. Nxb6+ axb6 14. Rxb6 Kc7
15. Rb1 Qa3 16. O-O Nd4 17. Kh1 fxe4 0-1

[Event "AUTO-OPEN-3658"]
[Site "http://www.queenalice.com/game.php?id=1425111"]
[Date "2016.5.28"]
[Round "1"]
[White "Drawanz"]
[Black "Nunes"]
[Result "1-0"]
[WhiteElo "2142"]
[BlackElo "1833"]

1. g4 d5 2. Bg2 Bxg4 3. c4 Be6 4. Qb3 Nf6 5. Qxb7 Nbd7 6. cxd5 Rb8 7. Qc6 Rb6 8.
Qc4 Ne5 9. Qa4+ Bd7 10. Qxa7 Bb5 11. Qa3 Nxd5 12. d4 e6 13. Qg3 Nc4 14. Bxd5
Qxd5 15. Nf3 Bb4+ 16. Nbd2 Nxd2 17. Bxd2 Qc4 18. Qe5 1-0

[Event "AUTO-OPEN-3658"]
[Site "http://www.queenalice.com/game.php?id=1425125"]
[Date "2016.5.28"]
[Round "1"]
[White "teddy"]
[Black "Drawanz"]
[Result "1-0"]
[WhiteElo "2070"]
[BlackElo "2074"]

1. e4 c5 2. Nf3 Nc6 3. c3 g6 4. Be2 Bg7 5. Qb3 a6 6. Ng5 Nh6 7. a4 Ne5 8. f4 c4
9. Bxc4 Nxc4 10. Qxc4 O-O 11. O-O e6 12. d4 f6 13. Nf3 b5 14. Qb3 Bb7 15. axb5
axb5 16. Rxa8 Qxa8 17. Na3 Bxe4 18. Qxb5 Bc6 19. Qd3 Rb8 20. b4 Nf5 21. b5 Be4
22. Qe2 Bf8 23. Qb2 Bxa3 24. Qxa3 Qxa3 25. Bxa3 Rxb5 26. Bb4 Bc6 27. g3 Ne3 28.
Rf2 Bxf3 29. Rxf3 Nd5 30. Rf2 Nxb4 31. Rb2 Kf8 32. Rxb4 Rxb4 33. cxb4 Ke8 34.
Kf2 d5 35. Ke3 Kd7 36. Kd3 Kc6 37. h4 h5 38. Kc2 Kb6 39. Kb3 Kb5 40. Ka3 Kc4 41.
Ka4 e5 42. dxe5 fxe5 43. fxe5 d4 44. e6 d3 45. e7 d2 46. e8=Q 1-0

[Event "AUTO-OPEN-3662"]
[Site "http://www.queenalice.com/game.php?id=1426411"]
[Date "2016.6.5"]
[Round "1"]
[White "mitsho"]
[Black "Drawanz"]
[Result "1-0"]
[WhiteElo "1764"]
[BlackElo "2114"]

1. d4 d5 2. c4 c6 3. Nf3 g6 4. Bf4 Bg7 5. e3 Nf6 6. Nc3 O-O 7. b3 Re8 8. cxd5
Nxd5 9. Nxd5 Qxd5 10. Bc4 Qa5+ 11. Qd2 Qxd2+ 12. Nxd2 Bf5 13. O-O Rd8 14. Nf3 c5
15. Rac1 cxd4 16. exd4 Bxd4 17. Nxd4 Rxd4 18. Be5 Rd2 19. Rfe1 Nc6 20. a3 Rad8
21. f3 Nxe5 22. Rxe5 e6 23. g4 Bd3 24. h4 Bxc4 25. bxc4 R2d3 26. a4 Rxf3 27. h5
1-0

[Event "AUTO-OPEN-3662"]
[Site "http://www.queenalice.com/game.php?id=1426427"]
[Date "2016.6.5"]
[Round "1"]
[White "ALDROB"]
[Black "Drawanz"]
[Result "1-0"]
[WhiteElo "1939"]
[BlackElo "2147"]

1. d4 Nf6 2. c4 e5 3. d5 Bc5 4. e3 d6 5. Nc3 O-O 6. Bd3 Nbd7 7. Nge2 Re8 8. Ng3
Nf8 9. O-O Bd7 10. Qc2 c6 11. Nf5 Bxf5 12. Bxf5 Bb4 13. g4 Bxc3 14. bxc3 g6 15.
Bd3 Nxg4 16. f3 Nh6 17. e4 Qb6+ 18. Kh1 Kg7 19. Bxh6+ Kxh6 20. Qg2 Qe3 21. Qh3+
Kg7 22. Rad1 Re7 23. Rfe1 1-0

[Event "AUTO-OPEN-3662"]
[Site "http://www.queenalice.com/game.php?id=1426428"]
[Date "2016.6.5"]
[Round "1"]
[White "Drawanz"]
[Black "ALDROB"]
[Result "1-0"]
[WhiteElo "2044"]
[BlackElo "2081"]

1. g4 d5 2. Bg2 Bxg4 3. c4 Nf6 4. Qa4+ c6 5. cxd5 Nxd5 6. Bxd5 Qxd5 7. Qxg4 e6
8. Qf3 Qe5 9. Nh3 Nd7 10. d3 f6 11. Nc3 Bb4 12. Bd2 O-O 13. a3 Bd6 14. Bf4 Qc5
15. Ne4 1-0